Elaboración de diagnóstico de infraestructura escolar e institucional en 29 municipios de Nicaragua. Ciudad Antigua.

Presenta un programa de identificación integral de necesidad y reparación de establecimiento escolares en el municipio de ciudad antigua. Contiene un diagnóstico de infraestructura escolar e institucional a nivel municipal para conocer la situación actual en que se encuentran, así como la inci...

Full description

Bibliographic Details
Main Authors: Leiva Mejía, Luís Antonio, Torres Morales, Samuel Julio, Espinoza Centeno, Juan Ramón
Other Authors: Tutor: Medrano Aguirre, Pablo José
Format: Tesis Section = Libro
Language:Undetermined
Spanish
Published: Managua UNI 2004
Subjects:
LEADER 02068nam a2200277Ia 4500
008 240830s9999 xx 000 0 und d
040 |a BIBLIOTECA-RUSB/ Mon 727.1 L533 
041 |a spa 
082 |a Mon 727.1 L533 
100 1 |a Leiva Mejía, Luís Antonio 
100 1 |b Torres Morales, Samuel Julio 
100 1 |c Espinoza Centeno, Juan Ramón 
245 1 0 |a Elaboración de diagnóstico de infraestructura escolar e institucional en 29 municipios de Nicaragua. Ciudad Antigua. 
260 |a Managua  |b UNI  |c 2004 
300 |a 106 p. :il. 
500 |a Informe de prácticas profesionales supervisadas. Convenio de cooperación técnica MECD-UNI. 
502 |a Tesis (Arquitecto) - UNI, 2004. 
520 3 |a Presenta un programa de identificación integral de necesidad y reparación de establecimiento escolares en el municipio de ciudad antigua. Contiene un diagnóstico de infraestructura escolar e institucional a nivel municipal para conocer la situación actual en que se encuentran, así como la incidencia del estado de la infraestructura en la asistencia estudiantil, bases de datos de infraestructura escolar e institucional y cartografía automatizada, planes de inversión y mantenimiento de infraestructura escolar e institucional a nivel municipal. Describe una caracterización municipal en el contexto territorial, climático medio ambiente, recursos naturales, infraestructura; características, socio - económicas, servicios municipales, cantidad de establecimientos escolares, centros educativos, localización geográfica de establecimiento escolares, cobertura de atención de los establecimientos escolares, población estudiantil, vulnerabilidad por amenazas naturales. 
650 7 |a EDIFICIOS DE ESCUELAS PRIMARIAS - CIUDAD ANTIGUA 
650 7 |b  DIAGNÓSTICO INFRAESTRUCTURA - ESCOLAR 
650 7 |c  MANTENIMIENTO DE INFRAESTRUCTURA ESCOLAR - CIUDAD ANTIGUA 
650 7 |d  POBLACION ESTUDIANTIL CIUDAD ANTIGUA 
700 1 |a Tutor:  |b Medrano Aguirre, Pablo José 
942 |c BK  |2 ddc 
991 |a TESIS 
999 |c 21380